Helpless - All Lyrics - Statistics

General Stats
  • This quiz has been taken 98 times
  • The average score is 462 of 645
Answer Stats
Answer % Correct
I
100%
He
98%
Do
96%
A
94%
Yo
94%
Helpless
92%
Me
92%
We
92%
An
91%
And
91%
My
91%
The
91%
You
91%
Ha
89%
In
89%
Oh
89%
On
89%
To
89%
I'm
87%
Look
87%
Sister
87%
Got
85%
Be
83%
Boy
83%
Eye
83%
Eyes
83%
Into
83%
Room
83%
Your
83%
As
81%
For
81%
Limit
81%
One
81%
Sky's
81%
So
79%
Then
79%
Were
79%
We're
79%
Where
79%
At
77%
Have
77%
Never
77%
She
77%
That
77%
Boom
75%
Heart
75%
It
75%
it
75%
Night
75%
By
74%
Eliza
74%
Mine
74%
Went
74%
Been
72%
No
72%
Try
72%
Way
72%
Father
70%
Grab
70%
Her
70%
This
70%
Week
70%
Across
68%
Every
68%
Get
68%
Later
68%
Love
68%
His
66%
Is
66%
Livin'
66%
Of
66%
Thinkin'
66%
Through
66%
If
64%
Laughin'
64%
Letter
64%
Spotlight
64%
Stress
64%
Two
64%
Wine
64%
With
64%
Would
64%
All
62%
Angelica
62%
Cause
62%
Down
62%
Hot
62%
Just
62%
Living
62%
One's
62%
Real
62%
Share
62%
Take
62%
Thinking
62%
Top
62%
Dine
60%
Hey
60%
Him
60%
Sayin'
60%
Side
60%
Tryin'
60%
Walked
60%
Back
58%
Blessin'
58%
Gon'
58%
Harem
58%
I'll
58%
Loved
58%
Nightly
58%
Really
58%
Some
58%
Weeks
58%
You're
58%
Don't
57%
Gonna
57%
Stressin'
57%
Those
57%
Asking
55%
Ballroom
55%
Can
55%
Drownin'
55%
Life
55%
Makes
55%
Not
55%
Out
55%
Rebels
55%
Type
55%
Wants
55%
We'll
55%
Write
55%
Writin'
55%
Better
53%
But
53%
Count
53%
Dollar
53%
Em
53%
Figure
53%
Form
53%
Peggy
53%
Suddenly
53%
Am
51%
Arm
51%
Catch
51%
From
51%
Hand
51%
Harlem
51%
Made
51%
Name
51%
Nervous
51%
Tried
51%
TRUE
51%
Whats
51%
Dancin'
49%
Dazzling
49%
Gets
49%
Little
49%
Place
49%
Rhythm
49%
Takes
49%
Was
49%
Whisper
49%
Are
47%
Bite
47%
Brain
47%
Father's
47%
It's
47%
Meet
47%
Now
47%
Says
47%
She's
47%
Turn
47%
Worth
47%
Can't
45%
Confides
45%
Everybody's
45%
Fame
45%
Family
45%
Feel
45%
Mind
45%
Revel
45%
Second
45%
Us
45%
Volume
45%
War
45%
While
45%
College
43%
Credits
43%
Doubt
43%
Honor
43%
Land
43%
Schuyler
43%
Will
43%
Couple
42%
Pleasure
42%
Smiling
42%
Tolerance
42%
Top-Notch
42%
Up
42%
Acre
40%
Band's
40%
Cry
40%
Fighting
40%
God
40%
Insane
40%
I've
40%
Leave
40%
Nothing
40%
Stone-faced
40%
There's
40%
Troop
40%
Alive
38%
Command
38%
Different
38%
Elizabeth
38%
Have's
38%
Long
38%
Mother
38%
Shakes
38%
Swear
38%
You'll
38%
Died
36%
Dollop
36%
Dying
36%
Pain
36%
Service
36%
Taking
36%
Thank
36%
About
34%
Brings
34%
Face
34%
Inside
34%
Lead
34%
Means
34%
Ohh
34%
Change
32%
Child
32%
Cuz
32%
Grabbed
32%
Grew
32%
Left
32%
Man
32%
Oooh
32%
Yeah
32%
Grind
30%
Panic
30%
Since
30%
Know
28%
New
28%
Without
28%
York
26%
Buckwild
25%
Forget
25%
Felt
23%
Drowin'
21%
Eliza's
21%
Mother's
19%
Fine
15%
No matching quizzes found
Score Distribution
Percent of People with Each Score
Percentile by Number Answered
Your Score History
You have not taken this quiz